[Event "44th Badalona Open 2018"]
[Site "Badalona"]
[Date "2018.08.09"]
[Round "9"]
[White "Terao, Juliana Sayumi"]
[Black "Pulvett Marin, Daniel Eduardo"]
[Result "0-1"]
[WhiteElo "2295"]
[BlackElo "2464"]
[Annotator "TA"]
[PlyCount "146"]
[EventDate "2018.08.01"]
[EventType "swiss"]
[EventCountry "ESP"]
[SourceTitle "playchess.com"]
[Source "ChessBase"]
[SourceQuality "1"]

{[%evp 13,146,0,0,-12,4,9,4,3,0,-25,0,0,0,0,0,0,0,-7,-16,-3,18,12,28,24,55,0,76,80,107,25,36,0,0,0,0,0,0,0,27,0,0,5,45,13,41,42,54,32,92,42,37,35,46,0,11,-42,-47,-124,-124,-138,-55,-207,-168,-425,-441,-547,-559,-573,-331,-569,-545,-556,-392,-379,-359,-468,-476,-714,-689,-622,-627,-5995,-5081,-29989,-589,-906,-459,-452,-423,-396,-373,-466,-466,-433,-419,-515,-508,-591,-468,-5073,-5065,-1040,-392,-393,-346,-320,-318,-355,-337,-726,-773,-337,-333,-624,-613,-599,-525,-925,0,-585,-122,-92,0,-513,-430,-797,-782,-808,-571,-714,-645,-604,-589,-787,-751]} 1. e4 c5 2. c3 d5 3. exd5 Qxd5 4. d4 e6 5. Nf3 Nf6 6. Na3 Nc6 7. Nc2 {B22: Sicilian: 2 c3} (7. Be3 cxd4 8. Nb5 Qd8 9. Nbxd4 Nd5 10. Nxc6 bxc6 11. Bd2 Qb6 12. Ne5 Qc7 13. Nc4 Be7 14. Bd3 Ba6 15. Qg4 {½-½ (55) Wang,H (2717)-Laznicka,V (2666) Ho Chi Minh City 2016}) 7... Be7 {LiveBook: 5 Games} 8. Be3 O-O 9. dxc5 {The position is equal.} Rd8 $146 ({Predecessor:} 9... Qxd1+ 10. Rxd1 Ne4 11. Nfd4 Nxc5 12. Nxc6 bxc6 13. Nd4 Bb7 14. Be2 Rac8 {1-0 (41) Nitish,B (2269)-Mager,D (2246) Olomouc 2016}) 10. Qxd5 Nxd5 11. Bd4 f6 12. Bc4 e5 13. Ne3 Be6 14. Nxd5 Bxd5 15. Bxd5+ Rxd5 16. Be3 e4 17. Nd2 f5 18. O-O-O Ne5 19. Kc2 ({White should try} 19. Nb3 $14 Nd3+ 20. Kc2) 19... Rad8 (19... Bxc5 $11 {keeps the balance.} 20. Bxc5 Rxc5) 20. Nb3 $16 Nd3 21. Bd4 (21. f3 $16) 21... Bf6 $11 22. Rhf1 Bxd4 23. cxd4 b6 24. cxb6 axb6 25. Rd2 Rb5 26. Kb1 Nf4 27. g3 Nd5 28. Re2 Kf7 29. Rc1 Kf6 30. h4 Re8 (30... g6 $14) 31. Rc6+ Re6 32. Rc8 Kg6 33. f3 e3 34. Kc2 (34. Re1 $11) 34... f4 $15 {[%mdl 1024] Black has compensation.} 35. g4 (35. gxf4 $15 Nxf4 36. Re1) 35... Nb4+ $1 $17 36. Kb1 {[#]} h5 (36... Nc6 $1 $17 37. h5+ Kh6) 37. g5 $2 ({White should play} 37. gxh5+ $15 Rxh5 38. a3) 37... Rc6 $36 {[%mdl 2048] Black is really pushing.} 38. Re8 $2 (38. Rxc6+ Nxc6 39. Rc2) 38... Nd3 39. Re4 {[#]} Rxb3 $1 {[%mdl 512]} 40. axb3 {[%mdl 4096] Endgame Hoping for Rc2. KRR-KRN} Rc1+ 41. Ka2 Rf1 42. Rh2 Rf2 43. Rh1 Rxf3 44. d5 {And now d6 would win.} Kf5 45. Re7 (45. Re8 $142 Rf2 46. d6) 45... Nb4+ 46. Ka3 Nxd5 47. Rxg7 e2 48. Re1 Re3 (48... Rf1 $142 49. Rf7+ Kg4 50. Ka4 Rxe1 51. Rh7 Ra1+ 52. Kb5 e1=Q 53. b4 f3 54. Rf7 Qe8+ 55. Kc4 Qc6+ 56. Kb3 Ne3 57. Rf4+ Kxf4 58. g6 Qc4#) 49. Rd7 Ke6 50. Rd8 f3 51. Rf8 {Strongly threatening g6.} Ne7 52. Rxf3 Rxf3 53. Rxe2+ {KRN-KR} Kf7 54. Re4 Rf5 55. Kb4 Rc5 56. Rc4 (56. Rf4+ $142 Rf5 57. Re4) 56... Nd5+ 57. Ka3 Ra5+ $2 (57... Rxc4 58. bxc4 Ne3) 58. Ra4 Rb5 59. Re4 Ne7 60. b4 Rf5 61. Kb3 $2 (61. Rd4) 61... b5 62. Kc3 Rd5 63. Rf4+ $2 (63. Re2) 63... Nf5 64. Re4 Kg7 65. Rf4 Kf7 66. Re4 $1 Ng3 $2 (66... Rd7 $19 {has better winning chances.} 67. Re5 Nxh4 68. Rxb5 Kg6) 67. Re3 $17 {[#]} Nf5 $1 {[%csl LRe3,LRh4][%mdl 8192]} (67... Nh1 $1 $17) 68. Re4 $1 $19 Kf8 {Black is clearly winning.} 69. Rf4 (69. Kc2 $142 Rd4 70. Re5) 69... Re5 70. Kd3 Ke7 71. Kd2 Ke6 72. Kd3 Rd5+ 73. Ke2 Rd4 {Precision: White = 31%, Black = 52%.} 0-1

[Event "44th Badalona Open 2018"]
[Site "Badalona"]
[Date "2018.08.09"]
[Round "9"]
[White "Ferre Campos, Josep"]
[Black "Gorti, Atmika"]
[Result "1-0"]
[WhiteElo "1878"]
[BlackElo "1858"]
[Annotator "NA"]
[PlyCount "53"]
[EventDate "2018.08.01"]
[EventType "swiss"]
[EventCountry "ESP"]
[SourceTitle "playchess.com"]
[Source "ChessBase"]
[SourceQuality "1"]
[TimeControl "5400+30"]

1. e4 {[%emt 0:00:00]} c5 2. d3 {[%emt 0:00:00]} Nc6 {[%emt 0:00:00]} 3. Nd2 {[%emt 0:00:00]} Nf6 {[%emt 0:00:55]} 4. g3 {[%emt 0:00:00]} g6 {[%emt 0:01:27]} 5. Bg2 {[%emt 0:00:00]} Bg7 {[%emt 0:00:37]} 6. Ngf3 {[%emt 0:00:00]} d6 {[%emt 0:01:55]} 7. O-O {[%emt 0:00:00]} O-O {[%emt 0:00:30]} 8. Re1 {[%emt 0:02:06]} Qc7 {[%emt 0:12:53]} 9. c3 {[%emt 0:06:59]} Nd7 {[%emt 0:03:34]} 10. Qc2 {[%emt 0:01:02]} Nce5 {[%emt 0:05:23]} 11. Nxe5 {[%emt 0:02:35]} Nxe5 {[%emt 0:01:24]} 12. f4 {[%emt 0:04:16]} Nc6 {[%emt 0:02:45]} 13. a4 {[%emt 0:01:16]} b6 14. Nc4 {[%emt 0:00:37]} Bb7 {[%emt 0:01:54]} 15. Ne3 {[%emt 0:02:42]} e6 {[%emt 0:06:23]} 16. Rf1 {[%emt 0:06:50]} Rad8 {[%emt 0:03:06]} 17. f5 {[%emt 0:01:24]} exf5 {[%emt 0:09:13]} 18. exf5 {[%emt 0:13:27]} Rfe8 {[%emt 0:04:35]} 19. fxg6 {[%emt 0:00:30]} fxg6 {[%emt 0:02:23]} 20. Nd5 {[%emt 0:12:32]} Qd7 {[%emt 0:02:16]} 21. Bg5 {[%emt 0:04:01]} Rb8 22. Nf6+ {[%emt 0:00:35]} Bxf6 {[%emt 0:00:37]} 23. Bd5+ {[%emt 0:01:45]} Re6 {[%emt 0:06:57]} 24. Rxf6 {[%emt 0:03:34]} Nd8 {[%emt 0:04:40]} 25. Bh6 {[%emt 0:03:01]} Qe7 {[%emt 0:00:53]} 26. Raf1 {[%emt 0:00:29]} Nf7 27. Bxe6 1-0

[Event "44th Badalona Open 2018"]
[Site "Badalona"]
[Date "2018.08.09"]
[Round "9"]
[White "Casares Bonals, Ainhoa"]
[Black "Mut Company, Guillem Joan"]
[Result "1/2-1/2"]
[WhiteElo "1637"]
[BlackElo "1898"]
[Annotator "NA"]
[PlyCount "43"]
[EventDate "2018.08.01"]
[EventType "swiss"]
[EventCountry "ESP"]
[SourceTitle "playchess.com"]
[Source "ChessBase"]
[SourceQuality "1"]
[TimeControl "5400+30"]

1. e4 {[%emt 0:00:00]} c6 {[%emt 0:00:00]} 2. d4 {[%emt 0:00:00]} d5 {[%emt 0:00:00]} 3. e5 {[%emt 0:00:03]} c5 {[%emt 0:00:00]} 4. dxc5 {[%emt 0:00:56]} e6 {[%emt 0:00:29]} 5. Nf3 {[%emt 0:01:18]} Bxc5 {[%emt 0:01:06]} 6. a3 {[%emt 0:01:02]} Nd7 {[%emt 0:00:39]} 7. b4 {[%emt 0:01:55]} Be7 {[%emt 0:00:13]} 8. Bd3 {[%emt 0:02:05]} a5 {[%emt 0:02:01]} 9. b5 {[%emt 0:02:27]} f6 {[%emt 0:02:27]} 10. exf6 {[%emt 0:03:51]} Bxf6 {[%emt 0:02:56]} 11. Ra2 {[%emt 0:02:10]} e5 {[%emt 0:04:27]} 12. Be2 {[%emt 0:05:21]} Ne7 {[%emt 0:03:25]} 13. O-O {[%emt 0:01:51]} O-O {[%emt 0:02:32]} 14. c4 {[%emt 0:06:51]} d4 {[%emt 0:01:59]} 15. Bd3 {[%emt 0:02:32]} Nc5 {[%emt 0:04:39]} 16. Re1 {[%emt 0:03:53]} Qd6 {[%emt 0:25:07]} 17. Bb2 {[%emt 0:04:13]} Be6 {[%emt 0:04:15]} 18. a4 {[%emt 0:06:38]} Qc7 {[%emt 0:03:46]} 19. Na3 {[%emt 0:04:47]} b6 {[%emt 0:06:09]} 20. Qd2 {[%emt 0:20:28]} Nxa4 21. Bxd4 Nc5 22. Bb2 1/2-1/2